000 01059nam a2200301Ia 4500
003 OSt
005 20221007123351.0
006 a|||||r|||| 00| 0
007 ta
008 221006b |||||||| |||| 00| 0 eng d
020 _a0486414590 (pbk)
_c
_ 8.95
024 _a9992
037 _bStandard,
_cTextual
040 _aPAPL
_cPAPL
_beng
041 _2eng
_aeng
082 _aCN30, L3
100 _aPauli Wolfgang
245 0 _aSelected topics in field quantization by Wolfgang Pauli
260 _aNew
_bYork Dover Pub. Inc.
_c1973
300 _ax, 188p
_ccm.
490 _aPauli lectures on physics; 6
500 _aBibliography p175; Appendix 177-181p; Index 183-188p; ^n23/CSL/CARPA/2002-03/439^d2002-10-30^mPurchase; ; 2002-03/533^b2002-12-16^cSBA/6706^d2002-12-09^eRs.3,467.00^fStandard Book Agency; ; 2003-01-24^bSB^c2003-10-04^dJindal
650 _a Quantum field theory
650 _a Relativity
_9713529
650 _aPhysics
942 _hCN30, L3
_cTEXL
_2CC
999 _c1211766
_d1211766